000 01005nam a2200217Ia 4500
003 OSt
005 20241029150040.0
007 ca aa aaaaa
008 201103s9999 xx 000 0 und d
040 _cSSBUL
041 _abur
082 _223
_a၂၉၄.၃၄၄၃ မိုင်း
_b၉၂၉၇ S-SAT
100 0 _aမိုင်းဖုန်းဆရာတော်။
_916658
245 1 0 _aမိုင်းဖုန်းဆရာတော်၏တရားလက်ဆောင် /
_cမိုင်းဖုန်းဆရာတော်၊ဘာသာပြန်သူ ဉာတိခမ်း။
260 _aရန်ကုန် ၊
_bရွက်စိမ်းစာ‌ပေ၊
_c၂၀၁၆။
300 _a၁၅၁ စာမျက်နှာ ၊
_c၂၁ စင်တီ။
500 _aS-SAT: Dr. Sai Aung Tun
650 _aဗုဒ္ဓ
_xတရားတော်။
700 _aဉာတိခမ်း။
_eဘာသာပြန်သူ
942 _cBK1
_2ddc
999 _c40997
_d40997